Responses for Show #2877 - Tuesday, February 18, 1997

Grace Veach game 2.

Contestants

[<< previous game]

Bruce Wiley, a police officer from San Jose, California

Jeannine DuBois, a junior high school teacher from Rockford, Illinois

Grace Veach, a librarian from Decatur, Illinois (whose 1-day cash winnings total $10,500)

[next game >>]

Jeopardy! Round responses

1977
AMERICAN MONEY
SHOW BIZ SIBLINGS
WORLD FACTS
POTPOURRI
CROSSWORD CLUES "E"
    $100 22
Alaskan Pipeline

Bruce
    $100 13
Capitol

Jeannine
    $100 1
Otto Preminger

Grace
    $100 3
Brazil

Bruce
    $100 8
rum

Bruce
    $100 14
embrace

Bruce
    $200 23
Roots

Bruce
    $200 27
(Bruce: What is $150,000?)
(Grace: What is $15,000?)

$1,500

GraceJeannineBruce
    $200 2
Kathie Lee

Bruce
    $200 4
San Marino

Grace
    $200 9
(Bruce: Who is Noah uh [*]?)
(Alex: [*] that's it.)

Moses

Bruce
    $200 15
etiquette

Jeannine
    $300 24
Bucharest

Grace
    $300 28
(Grace: Who is Jefferson?)

Eisenhower

GraceBruce
    $300 19
(Bruce: Who's the Bridges brothers?
(Alex: Be more specific.)
(Bruce: Jeff and...)
(Alex: I need their names.)

Jeff and Beau Bridges

JeannineBruce
    $300 5
Winnipeg

Triple Stumper
    $300 10
ticking

Bruce
    $300 16
equation

Grace
    $400 25
Sacco and Vanzetti

Bruce
    $400 29
(Bruce: What is the one dollar bill, one dollar coin?)

quarter

Bruce
Triple Stumper
    $400 20
Eric Roberts

Grace
    $400 6
Brunei

Bruce
    $400 11
Count Chocula

Jeannine
    $400 17
evaporate

Bruce
    $500 26
Wyoming

Jeannine
    $500 30
(Bruce: What is aluminum?)

zinc

JeannineBruce
    $500 21
To Kill a Mockingbird

Grace
    $500 7
(Bruce: What is French?)
(Alex: That was a toughie. First of all you gotta know where Mauritania is and I'm not quite sure myself.)

Arabic

Bruce
    $500 12
lighthouses

Bruce
    $500 18
epoch

Grace

Scores at the first commercial break (after clue 13):

Grace Jeannine Bruce
$300 $500 $1,300

Scores at the end of the Jeopardy! Round:

Grace Jeannine Bruce
$1,800 $2,200 $1,400

Double Jeopardy! Round responses

U.S. AGENCIES
BIOLOGY
ANCIENT ROME
LITERATURE
GEOGRAPHY
MUSICAL THEATER
    $200 6
food and drug

Grace
    $200 22
tadpole

Bruce
    $200 7
baths

Grace
    $200 12
(Jeannine: Uh, what is?)

Robinson Crusoe

GraceJeannine
    $200 15
China

Bruce
    $200 1
Miss Saigon

Grace
    $400 23
(Grace: What is the Bureau of Land Management?)
(Bruce: What is the USGS?)

Fish and Wildlife Service

GraceBruce
Triple Stumper
    $400 26
iris

Grace
    $400 8
Colosseum

Bruce
    $400 13
Anna Karenina

Grace
    $400 16
Helsinki

Jeannine
    $400 2
Grease

Grace
    $600 24
(Bruce: What is the postal service?)

Bureau of Engraving and Printing

Bruce
Triple Stumper
    $600 27
bile

Bruce
    $600 9
Carthage

Grace
    $600 14
White Rabbit

Bruce
    $600 17
(Bruce: What is Luxembourg?)

Monaco

JeannineBruce
    $800 3
The Secret Garden

Grace
    $800 25
Peace Corps

Grace
    $800 28
(Bruce: What is the cochlea?)

semicircular canals

Bruce
Triple Stumper
    $800 10
Claudius

Grace
    $800 20
(Bruce: What is uh, Emile Zola?)
(Jeannine: What is Les Miserables?)

The Count of Monte Cristo

GraceJeannineBruce
    $800 18
Minsk

Grace
    $800 4
My Fair Lady

Bruce
    $1000 30
United States Geological Survey

Jeannine
    $1000 29
gametes

Grace
    $1000 11
Praetorian Guard

Grace
    $1,000 21
Emma

Grace
    $1000 19
Aconcagua

Grace
    $1000 5
Leiber and Stoller

Triple Stumper

Scores at the end of the Double Jeopardy! Round:

Grace Jeannine Bruce
$12,000 $3,200 $1,000
(lock game)

[wagering suggestions for these scores]

Final Jeopardy! Round responses

THE OSCARS
BruceWhat is Gone With the Wind?
$900
JeannineWhat is
$1,000
GraceWhat is Silence of the Lambs?
$1,000
The Silence of the Lambs or One Flew Over the Cuckoo's Nest

Final scores:

Grace Jeannine Bruce
$13,000 $2,200 $100
2-day champion: $23,500 2nd place: Trip to St. Martin at the Bel Air Beach Hotel 3rd place: Panasonic 27" Super Flex System

Game dynamics:

Coryat scores:

Grace Jeannine Bruce
$11,800 $3,200 $1,500
24 R
(including 2 DDs),
3 W
10 R,
2 W
19 R,
10 W
(including 1 DD)

Combined Coryat: $16,500

[game clues] [game scores] [suggest correction]

Game tape date: 1996-11-14
The J! Archive is created by fans, for fans. Scraping, republication, monetization, and malicious use prohibited; this site may use cookies and collect identifying information. See terms. The Jeopardy! game show and all elements thereof, including but not limited to copyright and trademark thereto, are the property of Jeopardy Productions, Inc. and are protected under law. This website is not affiliated with, sponsored by, or operated by Jeopardy Productions, Inc. Join the discussion at JBoard.tv.